[Event "HUN-chT"]
[Site "Hungary"]
[Date "1995.??.??"]
[Round "?"]
[White "Piroth, Attila"]
[Black "Kincs, Imre"]
[Result "1-0"]
[WhiteElo "2235"]
[BlackElo "2230"]
[PlyCount "89"]
[EventDate "1995.??.??"]
[EventType "team"]
[EventRounds "13"]
[EventCountry "HUN"]
[SourceTitle "EXT 1997"]
[Source "ChessBase"]
[SourceDate "1996.11.15"]
[SourceVersion "1"]
[SourceVersionDate "1996.11.15"]
[SourceQuality "1"]

1. e4 e5 2. Nf3 Nc6 3. c3 Qe7 4. Bb5 Nf6 5. 0-0 Nxe4 6. Bxc6 dxc6 7. Re1 Nc5 8. d4 Ne6 9. Nxe5 g6 10. c4 Bg7 11. d5 0-0 12. dxe6 Bxe6 13. Bd2 Rad8 14. Qe2 Qd6 15. Bc3 Rfe8 16. Nf3 Qf4 17. Bxg7 Kxg7 18. Qe5+ Qxe5 19. Rxe5 Bxc4 20. Rxe8 Rxe8 21. Nc3 f6 22. Re1 Rxe1+ 23. Nxe1 a5 24. f3 Kf8 25. Kf2 Ke7 26. Ke3 b6 27. g4 Bf7 28. f4 h6 29. f5 g5 30. Nf3 c5 31. a3 Kd6 32. Ne4+ Ke7 33. h4 gxh4 34. Nxh4 Bd5 35. Ng6+ Kf7 36. Nf4 Bb3 37. Nh5 a4 38. Nhxf6 Ke7 39. Kf4 b5 40. Ke5 b4 41. Nxc5 bxa3 42. bxa3 Bd1 43. Ne6 c6 44. Ng8+ Kd7 45. Nxh6 1-0

[Event "HUN-chT"]
[Site "Hungary"]
[Date "1995.??.??"]
[Round "?"]
[White "Piroth, Attila"]
[Black "Turzo, Attila"]
[Result "1/2-1/2"]
[WhiteElo "2235"]
[BlackElo "2265"]
[PlyCount "115"]
[EventDate "1995.??.??"]
[EventType "team"]
[EventRounds "13"]
[EventCountry "HUN"]
[SourceTitle "EXT 1997"]
[Source "ChessBase"]
[SourceDate "1996.11.15"]
[SourceVersion "1"]
[SourceVersionDate "1996.11.15"]
[SourceQuality "1"]

1. e4 e5 2. Nf3 Nc6 3. c3 Nf6 4. d4 d5 5. Bb5 Nxe4 6. Nxe5 Bd7 7. Nxd7 Qxd7 8. Nd2 Nd6 9. Bd3 Ne7 10. Nf3 f6 11. 0-0 0-0-0 12. b3 g5 13. Qc2 h5 14. c4 h4 15. Ba3 g4 16. Ne1 Bh6 17. Bxd6 cxd6 18. c5 Kb8 19. b4 g3 20. b5 dxc5 21. dxc5 Rdg8 22. c6 Qd6 23. cxb7 Bf4 24. h3 Be5 25. Rb1 Bd4 26. Nf3 gxf2+ 27. Rxf2 Bxf2+ 28. Qxf2 Kxb7 29. a4 Rg3 30. a5 Rhg8 31. Bf1 Qf4 32. Qc5 Qxf3 33. Qxe7+ Ka8 34. Rb2 Qe3+ 35. Qxe3 Rxe3 36. Kf2 Re4 37. Rc2 Kb7 38. Rc6 Rf8 39. Rd6 Re5 40. Rd7+ Kb8 41. b6 axb6 42. axb6 Re6 43. Rxd5 Rxb6 44. Rh5 Rb4 45. Be2 f5 46. Bf3 Kc7 47. Rh6 Kd7 48. Bc6+ Ke7 49. Bf3 Rf6 50. Rxf6 Rb2+ 51. Kg1 Kxf6 52. Kh2 Ke5 53. Ba8 Kd4 54. Bc6 Rb3 55. Bd7 Ke4 56. Bc6+ Kf4 57. Ba8 Rb5 58. Bc6 1/2-1/2